Normal view
MARC view
- Qiwen, Chen
Entry Personal Name
001 - CONTROL NUMBER
- control field: 88672
003 - CONTROL NUMBER IDENTIFIER
- control field: NUST
005 - DATE AND TIME OF LATEST TRANSACTION
- control field: 20220128104507.0
008 - FIXED-LENGTH DATA ELEMENTS
- fixed length control field: 220128|| aca||aabn | a|a d
040 ## - CATALOGING SOURCE
- Original cataloging agency: NUST
- Transcribing agency: NUST
100 ## - HEADING--PERSONAL NAME
- Personal name: Qiwen, Chen
670 ## - SOURCE DATA FOUND
- Source citation: Work cat.: (NUST): Qiwen, Chen, Yuan Longping : the father of hybrid rice, 2019
